| 000 | 00693nam a2200181Ia 4500 | ||
|---|---|---|---|
| 008 | 151202s9999||||xx |||||||||||||| ||und|| | ||
| 082 | _bPNVM-61134 | ||
| 100 | _aकेन फॉलेट अनु . कुलक र्णी पद्मा | ||
| 245 | _aआय ऑफ निडल. | ||
| 260 | _b"पुष्प प्रकाशन, पुणे." | ||
| 260 | _c61134 | ||
| 300 | _a128 | ||
| 600 | _aकेन फॉलेट अनु . कुलक र्णी पद्मा | ||
| 630 | _aआय ऑफ निडल. | ||
| 700 | _aकेन फॉलेट अनु . कुलक र्णी पद्मा | ||
| 730 | _aआय ऑफ निडल. | ||
| 942 | _cBOOK | ||
| 999 |
_c1327668 _d1327665 |
||